|
|
|
|
| LEADER |
00000cam a2200000 7i4500 |
| 001 |
0000003890 |
| 005 |
20110818.0 |
| 090 |
0 |
0 |
|a R THE 634.92
|b ZACK 1994
|
| 100 |
0 |
0 |
|a Mohamed Zakaria bin Hussin
|
| 245 |
0 |
0 |
|a Ecological effects of selective logging in a lowland dipterocarp forest on avifauna, with special reference to frugivorous birds
|c Mohamed Zakaria bin Hussin
|
| 260 |
0 |
0 |
|a Bangi :
|b Universiti Kebangsaan Malaysia ,
|c 1994
|
| 300 |
|
|
|a xxi, 367 p. :
|b .iil ;
|c 30 cm.
|
| 500 |
0 |
0 |
|a Bibliography : p. 264-281
|
| 500 |
0 |
0 |
|a Thesis: Degree of Doctor of Philosophy, Faculty of Life Sciences, Universiti Kebangsaan Malaysia(1994)
|
| 650 |
0 |
0 |
|a Frugivorous birds---Sabah
|
| 998 |
|
|
|a JPSM
|
| 999 |
|
|
|a 006537
|b Thesis
|c Reference
|e Default branch
|